Obaly v dodávateľskom reťazci sa menia na ekologickejšie
Riadenie vplyvu obalov na životné prostredie ako zákonná povinnosť. Význam obalov v priemyselných dodávkach medzi firmami. Vplyvy na výber typu obalu. Výber obalového materiálu v automobilovom priemysle. (Eko)obaly verzus kalkulácia nákladov.
Guardado en:
| Autor principal: | |
|---|---|
| Formato: | Capítulo de libro |
| Lenguaje: | eslovaco |
| Materias: | |
| Etiquetas: |
Sin Etiquetas, Sea el primero en etiquetar este registro!
|
MARC
| LEADER | 00000naa a2200000 4500 | ||
|---|---|---|---|
| 001 | 0257692 | ||
| 005 | 20221104112330.9 | ||
| 041 | 0 | |a slo | |
| 044 | |a SK | ||
| 245 | 1 | 0 | |a Obaly v dodávateľskom reťazci sa menia na ekologickejšie |c Marek Poracký |
| 520 | |a Riadenie vplyvu obalov na životné prostredie ako zákonná povinnosť. Význam obalov v priemyselných dodávkach medzi firmami. Vplyvy na výber typu obalu. Výber obalového materiálu v automobilovom priemysle. (Eko)obaly verzus kalkulácia nákladov. | ||
| 610 | 2 | 0 | |a obaly |
| 610 | 2 | 0 | |a recyklácia odpadu |
| 610 | 2 | 0 | |a hospodárstvo odpadové |
| 610 | 2 | 0 | |a prostredie životné |
| 610 | 2 | 0 | |a politika ekologická |
| 100 | 1 | |a Poracký, Marek | |